000 00785nam a22002537a 4500
003 BPGM
005 20260627223223.0
008 260627b2002 mx ||||| |||| 001 0 spa d
020 _aSIN ISBN
040 _aBPGM
_bspa
041 _aspa
_hspa
084 _aCQ / 381.3 / C37
245 _aCASI UN SIGLO DE HISTORIA
_bCAMARA NACIONAL DE COMERCIO, SERVICIOS Y TURISMO DE QUERETARO.
250 _aPRIMERA EDICCION
260 _aSANTIAGO DE QUERETARO;
_bCANACO,
_c2002.
300 _a219 paginas,
_c22 cm x 28.8 cm.
336 _2rdacontent
_atexto
_btxt
337 _2rdamedia
_asin mediación
_bn
338 _2rdacarrier
_avolumen
_bnc
650 _aTECNOLOGÍA (CIENCIAS APLICADAS)
650 _aINGENIERÍA Y OPERACIONES AFINES
650 _aFÍSICA APLICADA
942 _2ddc
_cCOLQ
999 _c68704
_d68704